| 000 | 00759nam a2200265Ia 4500 | ||
|---|---|---|---|
| 003 | OSt | ||
| 005 | 20220119115432.0 | ||
| 008 | 210716s2003 xx 000 0 und d | ||
| 020 | _a8178811316 | ||
| 040 | _cAIMIT LIBRARY | ||
| 041 | _aeng | ||
| 082 |
_a332.024 _21 _bMANP |
||
| 100 |
_aMantravadi, Pramod M. _913687 |
||
| 245 |
_aE finance : _cby Pramod M Mantravadi. |
||
| 250 | _a1st. ed.- | ||
| 260 |
_aHyderabad: _bICFAI University Press, _c2003. |
||
| 300 | _axvii,180,A9p.;23.5cm. | ||
| 440 | _v1 | ||
| 650 |
_aElectronic finance _913688 |
||
| 650 |
_aFinance portals _913689 |
||
| 650 |
_ae Cash management _913690 |
||
| 650 |
_aElectronic payments _913691 |
||
| 700 |
_aMantravadi, Pramod M. _913687 |
||
| 942 |
_2ddc _cBK _e1st _k332.024 MANP |
||
| 999 |
_c202323 _d202323 |
||